[Event "DSOL 03 Liga Gr-C 1st"]
[Site "Playchess.com INT"]
[Date "2020.07.06"]
[Round "3.2"]
[White "Rumpf, Thomas"]
[Black "Hagmanns, Raphael"]
[Result "1/2-1/2"]
[WhiteElo "2043"]
[BlackElo "1916"]
[PlyCount "64"]
[EventDate "2020.06.22"]
[EventType "team-tourn (rapid)"]
[EventCountry "GER"]
[SourceTitle "EXT 2021"]
[Source "ChessBase"]
[SourceDate "2020.10.23"]
[SourceVersion "1"]
[SourceVersionDate "2020.10.23"]
[SourceQuality "1"]
[WhiteTeam "Unna SV"]
[BlackTeam "Aachen"]
[WhiteTeamCountry "GER"]
[BlackTeamCountry "GER"]

1. e4 e5 2. Nf3 Nc6 3. d4 exd4 4. Bc4 Nf6 5. 0-0 d6 6. Nxd4 Be7 7. Nc3 0-0 8. Nxc6 bxc6 9. Re1 Be6 10. Bd3 Nd7 11. f4 Nc5 12. Be3 d5 13. exd5 cxd5 14. f5 Bc8 15. f6 gxf6 16. Qf3 Nxd3 17. cxd3 Kh8 18. Qxd5 Be6 19. Qh5 Qxd3 20. Qh4 Rg8 21. Rad1 Qg6 22. Qf2 c5 23. g3 Rad8 24. Bxc5 Bxc5 25. Qxc5 Qc2 26. Qf2 Qxf2+ 27. Kxf2 Kg7 28. b3 Rc8 29. Rc1 Rgd8 30. Ke3 Bf5 31. Nb5 a6 32. Rxc8 Bxc8 1/2-1/2

[Event "Ruhrgebiet Regionalliga 1819"]
[Site "Nordrheinwestfalen"]
[Date "2019.04.07"]
[Round "9.6"]
[White "Roitburd, Talic"]
[Black "Rumpf, Thomas"]
[Result "0-1"]
[WhiteElo "2000"]
[BlackElo "2014"]
[PlyCount "120"]
[EventDate "2018.09.02"]
[EventType "team-tourn"]
[EventRounds "11"]
[EventCountry "GER"]
[SourceTitle "EXT 2022"]
[Source "ChessBase"]
[SourceDate "2021.10.06"]
[SourceVersion "1"]
[SourceVersionDate "2021.10.06"]
[SourceQuality "1"]
[WhiteTeam "Muelheim Nord III"]
[BlackTeam "Kamen SV"]
[WhiteTeamCountry "GER"]
[BlackTeamCountry "GER"]

1. c4 e5 2. Nc3 Nf6 3. g3 Bb4 4. Bg2 0-0 5. Nf3 Bxc3 6. bxc3 Re8 7. 0-0 Nc6 8. Qc2 d6 9. Rb1 Rb8 10. d3 b6 11. h3 Bb7 12. e4 Ne7 13. Nh4 Ng6 14. Nxg6 hxg6 15. Bg5 Qd7 16. f4 Nh7 17. Bh4 f6 18. Qd2 Qe7 19. fxe5 g5 20. exf6 gxf6 21. Rb5 gxh4 22. Rf4 c5 23. Rb1 hxg3 24. Rbf1 Rf8 25. Rg4+ Kh8 26. Rg6 Rf7 27. Rf5 Rg8 28. Rh6 Rgg7 29. Bf3 Bc8 30. Rf4 g2 31. Bh5 Rf8 32. Bg6 Rfg8 33. Bxh7 Rxh7 34. Rfxf6 Qg7 35. Rxh7+ Kxh7 36. Qf4 Qg5 37. Rf7+ Kh8 38. Qxg5 Rxg5 39. h4 Rg8 40. Rf6 Bh3 41. Rf3 Bg4 42. Rf6 Bh3 43. Rf3 Be6 44. Rf6 Re8 45. h5 Kg7 46. Rf3 Rh8 47. Kxg2 Rxh5 48. Rf4 Rh6 49. Rf2 Rg6+ 50. Kh2 Rg5 51. Rf4 Rg6 52. Rf3 Rf6 53. Rg3+ Kf7 54. Rg5 Rh6+ 55. Kg2 Rg6 56. Rg3 Rxg3+ 57. Kxg3 Kf6 58. Kf4 Bh3 59. a3 Bf1 60. Ke3 Kg5 0-1

[Event "Oberliga NRW 1213"]
[Site "Germany"]
[Date "2012.12.16"]
[Round "4.2"]
[White "Rumpf, Thomas"]
[Black "Hoolt, Sarah"]
[Result "0-1"]
[WhiteElo "2085"]
[BlackElo "2244"]
[PlyCount "72"]
[EventDate "2012.09.16"]
[EventType "team-tourn"]
[EventRounds "9"]
[EventCountry "GER"]
[SourceTitle "EXT 2017"]
[Source "ChessBase"]
[SourceDate "2016.10.25"]
[SourceVersion "1"]
[SourceVersionDate "2016.10.25"]
[SourceQuality "1"]
[WhiteTeam "Dortmund Hansa II"]
[BlackTeam "Katernberg II"]
[WhiteTeamCountry "GER"]
[BlackTeamCountry "GER"]

1. e4 c5 2. Nf3 e6 3. c3 Nf6 4. Bd3 d5 5. e5 Nfd7 6. 0-0 b6 7. Re1 Ba6 8. Bxa6 Nxa6 9. d4 Be7 10. a3 0-0 11. b4 Nc7 12. Nbd2 Qc8 13. Nf1 h6 14. Ng3 a5 15. bxc5 bxc5 16. a4 Nb6 17. Ba3 Nc4 18. Bxc5 Bxc5 19. dxc5 Na6 20. c6 Qxc6 21. Nd4 Qd7 22. Nh5 Kh8 23. Qg4 Rg8 24. Qh3 Qe7 25. f4 Nc5 26. Nf6 Rgc8 27. g4 Qf8 28. Nh5 Rab8 29. Ra2 Rb2 30. Rxb2 Nxb2 31. g5 Ncd3 32. gxh6 g6 33. Re3 gxh5 34. Rg3 Nxf4 35. Qh4 Qxh6 36. Rg5 Qxg5+ 0-1

[Event "Oberliga NRW 1213"]
[Site "Germany"]
[Date "2012.10.21"]
[Round "2.4"]
[White "Rumpf, Thomas"]
[Black "Coenen, Norbert"]
[Result "0-1"]
[WhiteElo "2085"]
[BlackElo "2259"]
[PlyCount "56"]
[EventDate "2012.09.16"]
[EventType "team-tourn"]
[EventRounds "9"]
[EventCountry "GER"]
[SourceTitle "EXT 2017"]
[Source "ChessBase"]
[SourceDate "2016.10.25"]
[SourceVersion "1"]
[SourceVersionDate "2016.10.25"]
[SourceQuality "1"]
[WhiteTeam "Dortmund Hansa II"]
[BlackTeam "Aachen"]
[WhiteTeamCountry "GER"]
[BlackTeamCountry "GER"]

1. c4 c5 2. Nc3 Nf6 3. g3 d5 4. cxd5 Nxd5 5. Bg2 Nc7 6. Qa4+ Qd7 7. Nf3 Nc6 8. 0-0 e5 9. e3 Be7 10. Rd1 Rb8 11. d4 b5 12. Nxb5 Nxb5 13. d5 Nd8 14. Nxe5 Qc7 15. e4 0-0 16. Nc4 f6 17. Bf4 Nd6 18. Rac1 N8f7 19. Qc2 Bd7 20. b3 Rbc8 21. h4 Rfe8 22. Re1 Bf8 23. Nb2 Ne5 24. Be3 Bg4 25. Bxc5 Nf3+ 26. Bxf3 Bxf3 27. Qd3 Bxe4 28. Bxd6 Qxc1 0-1

[Event "Ruhrgebiet Verbandsliga2 1112"]
[Site "Nordrheinwestfalen"]
[Date "2012.03.25"]
[Round "8.5"]
[White "Heinzel, Peter"]
[Black "Rumpf, Thomas"]
[Result "1/2-1/2"]
[WhiteElo "1969"]
[BlackElo "2061"]
[PlyCount "70"]
[EventDate "2011.09.18"]
[EventType "team-tourn"]
[EventRounds "9"]
[EventCountry "GER"]
[SourceTitle "EXT 2020"]
[Source "ChessBase"]
[SourceDate "2019.10.17"]
[SourceVersion "1"]
[SourceVersionDate "2019.10.17"]
[SourceQuality "1"]
[WhiteTeam "Muelheim SC"]
[BlackTeam "Dortmund Hansa IV"]
[WhiteTeamCountry "GER"]
[BlackTeamCountry "GER"]

1. b4 e5 2. Bb2 f6 3. a3 d5 4. e3 Be6 5. d4 e4 6. Nd2 f5 7. Ne2 Bd6 8. c4 c6 9. Nc3 Nf6 10. cxd5 cxd5 11. Nb5 Be7 12. Rc1 Nc6 13. Nb3 0-0 14. Nc5 Bc8 15. Be2 a6 16. Nc3 b6 17. Nxa6 Bxa6 18. Bxa6 Nxb4 19. Be2 Na6 20. Qb3 Nc7 21. 0-0 Qd6 22. g3 h5 23. Nb5 Nxb5 24. Qxb5 Rfc8 25. h4 Ng4 26. Bxg4 fxg4 27. Rxc8+ Rxc8 28. Rc1 Rxc1+ 29. Bxc1 Kf7 30. Bd2 Qd8 31. Bb4 Bxb4 32. axb4 Qd6 33. Qa4 Ke7 34. b5 g6 35. Qa8 Kd7 1/2-1/2

[Event "NRW Class1 1011"]
[Site "Germany"]
[Date "2011.02.20"]
[Round "7.5"]
[White "Rumpf, Thomas"]
[Black "Essing, Arnold"]
[Result "0-1"]
[WhiteElo "2172"]
[BlackElo "2258"]
[PlyCount "108"]
[EventDate "2010.09.26"]
[EventType "team-tourn"]
[EventRounds "9"]
[EventCountry "GER"]
[SourceTitle "EXT 2012"]
[Source "ChessBase"]
[SourceDate "2011.11.24"]
[SourceVersion "1"]
[SourceVersionDate "2011.11.24"]
[SourceQuality "1"]
[WhiteTeam "Dortmund Hansa II"]
[BlackTeam "Neuenkirchen"]
[WhiteTeamCountry "GER"]
[BlackTeamCountry "GER"]

1. e4 Nf6 2. e5 Nd5 3. d4 d6 4. Nf3 Nb6 5. a4 a5 6. Be2 g6 7. 0-0 Bg7 8. Bg5 0-0 9. exd6 cxd6 10. Qd2 Bg4 11. c3 Qd7 12. Na3 f6 13. Bh6 e5 14. Bxg7 Kxg7 15. b3 e4 16. Ne1 Bxe2 17. Qxe2 f5 18. Nb5 d5 19. f4 Na6 20. Nc2 Nc7 21. Ne3 Nxb5 22. Qxb5 Qxb5 23. axb5 Rfd8 24. Ra3 a4 25. bxa4 Rxa4 26. Rfa1 Rxa3 27. Rxa3 Kf6 28. Kf2 Ke6 29. Ra7 Rd7 30. g4 Rc7 31. gxf5+ gxf5 32. Ke2 Nc8 33. Ra3 Nd6 34. Rb3 Rc8 35. Kd2 Ra8 36. Rb2 Ra1 37. Kc2 Re1 38. Ng2 Rh1 39. h4 Rh3 40. b6 Nc4 41. Ra2 Nxb6 42. Kb3 Nc4 43. Kb4 Kd6 44. Ra8 Rg3 45. Ne1 Rg1 46. Rd8+ Kc6 47. Rc8+ Kd7 48. Rh8 Rxe1 49. Kc5 Ne3 50. Rxh7+ Ke8 51. Kd6 Rb1 52. Rg7 Ng4 53. Kxd5 e3 54. Rg6 Kf7 0-1

[Event "Ruhrgebiet VL1 0708"]
[Site "Germany"]
[Date "2008.02.17"]
[Round "6.2"]
[White "Rumpf, Thomas"]
[Black "Dergatschova, Anna"]
[Result "0-1"]
[WhiteElo "2138"]
[BlackElo "2166"]
[PlyCount "118"]
[EventDate "2007.09.02"]
[EventType "team"]
[EventRounds "9"]
[EventCountry "GER"]
[SourceTitle "EXT 2009"]
[Source "ChessBase"]
[SourceDate "2008.11.26"]
[SourceVersion "1"]
[SourceVersionDate "2008.11.26"]
[SourceQuality "1"]
[WhiteTeam "Dortmund Hansa II"]
[BlackTeam "Holsterhausen "]
[WhiteTeamCountry "GER"]
[BlackTeamCountry "GER"]

1. Nc3 a6 2. g3 e5 3. Bg2 Nf6 4. e4 Bc5 5. Nge2 Nc6 6. d3 Ng4 7. 0-0 Qf6 8. Qe1 Nb4 9. Nd5 Nxd5 10. exd5 0-0 11. h3 Nh6 12. Nc3 Nf5 13. Ne4 Qe7 14. Nxc5 Qxc5 15. c3 d6 16. b4 Qb5 17. Qe2 a5 18. a4 Qb6 19. Qb2 axb4 20. cxb4 Bd7 21. b5 Ra7 22. g4 Nd4 23. Be3 Rfa8 24. Bxd4 exd4 25. Rfc1 Rxa4 26. Rxa4 Rxa4 27. Qc2 Bxb5 28. Qxc7 Qxc7 29. Rxc7 g6 30. Rxb7 Bxd3 31. Rb2 Ra1+ 32. Kh2 Ba6 33. Rd2 d3 34. Kg3 Re1 35. f4 Re2 36. Rd1 Bc4 37. Bf3 Rb2 38. g5 h6 39. gxh6 Kh7 40. f5 gxf5 41. Kf4 Kxh6 42. Ke3 Bb5 43. h4 Rb4 44. h5 f4+ 45. Kd2 Rb2+ 46. Ke1 f5 47. Rd2 Rxd2 48. Kxd2 Be8 49. Kxd3 Bxh5 50. Bg2 Kg5 51. Bh3 Bg4 52. Bg2 Kh4 53. Kd2 Kg3 54. Bf1 Bf3 55. Bc4 Kf2 56. Bb3 Be4 57. Bc4 f3 58. Ba2 f4 59. Bc4 Kg1 0-1